Learning disabilities and related disorders : (Record no. 1578)

000 -LEADER
fixed length control field 01307nam a2200349 a 4500
003 - CONTROL NUMBER IDENTIFIER
control field OCoLC
005 - DATE AND TIME OF LATEST TRANSACTION
control field 20210629061135.0
008 - FIXED-LENGTH DATA ELEMENTS--GENERAL INFORMATION
fixed length control field 040714s2006 maua b 001 0 eng
020 ## - INTERNATIONAL STANDARD BOOK NUMBER
International Standard Book Number 0618474021
040 ## - CATALOGING SOURCE
Transcribing agency DLC
049 ## - LOCAL HOLDINGS (OCLC)
Holding library UOHA
050 00 - LIBRARY OF CONGRESS CALL NUMBER
Classification number LC4704
Item number .L48 2006
090 ## - LOCALLY ASSIGNED LC-TYPE CALL NUMBER (OCLC); LOCAL CALL NUMBER (RLIN)
Classification number (OCLC) (R) ; Classification number, CALL (RLIN) (NR) LC4704 .L48 2006
100 1# - MAIN ENTRY--PERSONAL NAME
Personal name Lerner, Janet W.
245 10 - TITLE STATEMENT
Title Learning disabilities and related disorders :
Remainder of title characteristics and teaching strategies /
Statement of responsibility, etc. Janet W. Lerner with Frank Kline.
250 ## - EDITION STATEMENT
Edition statement 10th ed.
260 ## - PUBLICATION, DISTRIBUTION, ETC.
Place of publication, distribution, etc. Boston :
Name of publisher, distributor, etc. Houghton Mifflin,
Date of publication, distribution, etc. c2006.
300 ## - PHYSICAL DESCRIPTION
Extent xxvii, 549, 19, 10, 24, 22 p. :
Other physical details ill. ;
Dimensions 24 cm.
500 ## - GENERAL NOTE
General note Title of 9th ed.: Learning disabilities : theories, diagnois, and teaching strategies.
504 ## - BIBLIOGRAPHY, ETC. NOTE
Bibliography, etc. note Includes bibliographical references (R/1-R/24) and indexes.
650 #0 - SUBJECT ADDED ENTRY--TOPICAL TERM
Topical term or geographic name entry element Learning disabilities.
650 #0 - SUBJECT ADDED ENTRY--TOPICAL TERM
Topical term or geographic name entry element Learning disabled children
General subdivision Education.
700 1# - ADDED ENTRY--PERSONAL NAME
Personal name Kline, Frank.
700 1# - ADDED ENTRY--PERSONAL NAME
Personal name Lerner, Janet W.
Title of a work Learning disabilities.
907 ## - LOCAL DATA ELEMENT G, LDG (RLIN)
a .b27637037
942 ## - ADDED ENTRY ELEMENTS (KOHA)
Source of classification or shelving scheme
Koha item type Book
Suppress in OPAC JE
Holdings
Withdrawn status Lost status Source of classification or shelving scheme Damaged status Not for loan Permanent Location Current Location Shelving location Date acquired Total Checkouts Full call number Barcode Date last seen Price effective from Koha item type Public note
          AU LIBRARY AU LIBRARY Open Shelf 29.06.2021   LC4704 .L48 2006 28000629 29.06.2021 29.06.2021 Book JE

Powered by Koha